The gospel and the Sermon on the Mount. (Record no. 7424)

000 -LEADER
fixed length control field 00606nam a2200193 a 4500
001 - CONTROL NUMBER
control field :::00005185$&:&@@
003 - CONTROL NUMBER IDENTIFIER
control field OkBaRHE
005 - DATE AND TIME OF LATEST TRANSACTION
control field 20000607103323.0
008 - FIXED-LENGTH DATA ELEMENTS--GENERAL INFORMATION
fixed length control field s1958 j 000 0 eng u
040 ## - CATALOGING SOURCE
Transcribing agency
100 1# - MAIN ENTRY--PERSONAL NAME
Personal name Ohrn, Arnold T.
245 14 - TITLE STATEMENT
Title The gospel and the Sermon on the Mount.
260 ## - PUBLICATION, DISTRIBUTION, ETC. (IMPRINT)
Place of publication, distribution, etc New York, NY., :
Name of publisher, distributor, etc F. H. Revell
Date of publication, distribution, etc c1958
300 ## - PHYSICAL DESCRIPTION
Extent 109 p. ;
Dimensions 19 cm.
650 ## - SUBJECT ADDED ENTRY--TOPICAL TERM
Topical term or geographic name as entry element Bible New Testament Matthew 5-7
General subdivision Commentaries
650 ## - SUBJECT ADDED ENTRY--TOPICAL TERM
Topical term or geographic name as entry element Sermon On The Mount
942 ## - ADDED ENTRY ELEMENTS (KOHA)
Source of classification or shelving scheme
Koha item type Books
Copies
Source of classification or shelving scheme Koha item type Date last seen Shelving location Date acquired Full call number Price effective from Withdrawn status Not for loan Copy number Barcode Lost status Damaged status Permanent Location
 Books2010-04-14General Stacks2010-04-14BT 380.2 .O342010-04-14  15185  RHEMA Bible Training College